000 01169nam a2200313 a 4500
001 000002991
003 DO-SdBNP
005 20220525132120.0
008 090706s2008 dr 000 0 spa d
020 _a9789993439547
040 _aBPMSU
_bspa
_cBPMSU
082 _aR467.97293
_bU76d, 2008
_2 22
100 1 _aUribe, Max,
_d1900 -1996
245 1 0 _aDiccionario de dominicanismos y americanismos :
_bpalabras y sus orígenes /
_cMax Uribe ; prólogo Mariano Lebrón Saviñón ; colaborador Juan Daniel Balcácer
250 _a2a ed.
260 _aSanto Domingo :
_bEdiciones Librería La Trinitaria,
_c2008.
300 _a634 p. ;
_c28 cm.
500 _aEdición especial por el 40 aniversario de la Librería la Trinitaria
590 _6Inventariado, 2021/VM
650 4 _aDominicanismos
_vDiccionarios
650 4 _aAmericanismos
_vDiccionarios
650 4 _aEspañol
_xEtimología
_vDiccionarios
650 4 _aEspañol
_xLexicógrafo
650 4 _aEspañol
_vDiccionarios
_zRepública Dominicana
700 1 _aLebrón Saviñón, Mariano,
_d1922-
_epról.
700 1 _a Balcácer, Juan Daniel
_ecolab.
910 _aVMateo
942 _2ddc
_cBK
999 _c13428
_d13428